Le souvenir et la légende de Charlemagne dans l'Empire germanique médiéval /

محفوظ في:

المؤلف الرئيسي: Folz, Robert (مؤلف)

التنسيق: كتاب

اللغة: English

منشور في: Paris : Les Belles Lettres, 1950.

سلاسل: Publications de l'Université de Dijon. Nouv. sér. 7.

الموضوعات:

الوسوم: إضافة وسم

لا توجد وسوم, كن أول من يضع وسما على هذه التسجيلة!

رقم الطلب: DC73.7 .F6 1950

LEADER 00938nam a2200277I 4500
001 6953
003 OSt
005 20251214095153.0
008 130303s1950 fr b b 000 0 eng d
010 |a a 52000580 
035 |a ocm02050131 
040 |c ARCE Library 
050 4 |a DC73.7 .F6 1950 
100 1 |a Folz, Robert,  |e author  |9 30128 
245 1 3 |a Le souvenir et la légende de Charlemagne dans l'Empire germanique médiéval /  |c Robert Folz. 
264 1 |a Paris :  |b Les Belles Lettres,  |c 1950. 
300 |a xxiv, 624 pages :  |b folded map ;  |c 24 cm. 
504 |a Bibliography : pages [xv]-xx. 
600 0 0 |a Charlemagne,  |c Emperor,  |d 742-814  |v Romances  |x History and criticism.  |9 27918 
600 0 0 |a Charlemagne,  |c Emperor,  |d 742-814.  |9 27918 
650 0 |a Civilization, Medieval. 
651 0 |a Holy Roman Empire. 
830 0 |a Publications de l'Université de Dijon.   |p Nouv. sér.   |v 7. 
901 |a reviewed 
942 |c BK  |2 lcc 
999 |c 4598  |d 4598